Học từ vựng tiếng Anh Trình độ sơ cấp Book 1 Học từ vựng tiếng Anh 1

Spremljeno u:
Bibliografski detalji
Glavni autor: Redman, Stuart
Daljnji autori: Ellis, Robert, Nguyễn Thành Như (chú giải), Nguyễn Trung Tánh (dịch)
Format: Knjiga
Jezik:Vietnamese
Izdano: Tp.HCM Nxb. Tp.HCM 1997
Teme:
Oznake: Dodaj oznaku
Bez oznaka, Budi prvi tko označuje ovaj zapis!
Thư viện lưu trữ: Mạng thư viện Đại học Đà Nẵng
LEADER 01377nam a2200373 4500
001 000024974
003 21465
005 20170418100442.0
008 170410s1997 viesd
041 0 |a vie 
082 1 4 |a 428.2  |b RE-S 
100 1 |a Redman, Stuart 
245 1 0 |a Học từ vựng tiếng Anh  |b Trình độ sơ cấp  |c Stuart Redman and Robert Ellis ; Dịch và chú giải : Nguyễn Trung Tánh, Nguyễn Thành Thư,...  |n Book 1  |p Học từ vựng tiếng Anh 1 
246 3 |a A way with words 
260 |a Tp.HCM  |b Nxb. Tp.HCM  |c 1997 
300 |a 197 tr.  |b hình vẽ  |c 21 cm.  |e Băng cassette 
650 0 4 |a English language  |x Vocabulary 
653 |a Từ vựng 
653 |a Sách đọc thêm 
653 |a Tiếng Anh 
700 1 |a Ellis, Robert 
700 1 |a Nguyễn Thành Như  |e chú giải 
700 1 |a Nguyễn Trung Tánh  |e dịch 
773 |t Học từ vựng tiếng Anh  |w 21463 
OWN |a LSP 
AVA |a UDN50  |b LSP  |d 428.2 RE-S  |e available  |t Error 5001 Not defined in file expand_doc_bib_avail.  |f 3  |g 1  |h N  |i 0  |k 1 
999 |a From the UDN01 
AVA |a UDN50  |b LSP  |d 428.2 RE-S  |e available  |t Error 5001 Not defined in file expand_doc_bib_avail.  |f 3  |g 1  |h N  |i 0  |k 1 
TYP |a Monograph 
TYP |a Printed language 
980 |a Mạng thư viện Đại học Đà Nẵng